Manual d'autodiagnosi en planificació financera : consolidació d'empreses de recent creació / Auren Editors Consultors Barcelona, S.A. consolidació d'empreses de recent creació / Auren Editors Consultors Barcelona, S.A.
Publicado:
Barcelona :
Diputació de Barcelona. Àrea de Desenvolupament Econòmic. Servei de Teixit Productiu ,
2008
Descripción Física:
83 p. : quadres, gràf., col. ; 30 cm + 1 CD-ROM
MARC
| LEADER | 00000nam a2200000Ia 4500 | ||
|---|---|---|---|
| 001 | 20737 | ||
| 003 | BGR | ||
| 005 | 20260324180106.0 | ||
| 008 | 160829s2008 xx 000 0 cat d | ||
| 080 | |a M-6-84 | ||
| 110 | 2 | |a Auren Editors Consultors Barcelona, S.A. |9 70530 | |
| 245 | |a Manual d'autodiagnosi en planificació financera : |b consolidació d'empreses de recent creació / Auren Editors Consultors Barcelona, S.A. | ||
| 260 | |a Barcelona : |b Diputació de Barcelona. Àrea de Desenvolupament Econòmic. Servei de Teixit Productiu, |c 2008 | ||
| 300 | |a 83 p. : |b quadres, gràf., col. ; |c 30 cm + 1 CD-ROM | ||
| 590 | |a A la coberta: Indra | ||
| 650 | |a Finances |x Planificació |x Manuals, guies, etc. |9 46107 | ||
| 710 | |a Barcelona (Catalunya : Província). |b Servei de Teixit Productiu |9 53474 | ||
| 710 | 2 | |a Indra (Projecte) |9 71041 | |
| 901 | |a Arxiu | ||
| 942 | |n 1 |2 udc |c MON | ||
| 952 | |0 0 |1 0 |4 0 |6 M684 |7 1 |9 52995 |a Arxiu |b Arxiu |d 2016-12-01 |l 0 |o M-6-84 |p 20737 |r 2016-12-01 00:00:00 |w 2016-12-01 |y ARXIU | ||
| 999 | |c 56844 |d 56844 | ||